000 00266nam a22001097a 4500
082 _a741.642
100 _aMahendra Singh
_983489
245 _athe Incredible Science Activity Book
260 _aDelhi
_bHoly Light Pub.
_c2016
650 _achildren book
942 _cBK
999 _c68421
_d68421